Normal view
MARC view
Entry Término temático
001 - NÚMERO DE CONTROL
- campo de control: 31537
003 - IDENTIFICADOR DEL NÚMERO DE CONTROL
- campo de control: OSt
005 - FECHA Y HORA DE LA ÚLTIMA TRANSACCIÓN
- campo de control: 20200615033312.0
008 - DATOS DE LONGITUD FIJA
- campo de control de longitud fija: 200615|| aca||aabn | a|a d
040 ## - FUENTE DE LA CATALOGACIÓN
- Centro catalogador/agencia de origen: OSt
- Centro/agencia transcriptor: OSt
150 ## - ENCABEZAMIENTO--TÉRMINO DE MATERIA
- Término de materia o nombre geográfico como elemento de entrada: INDIGENAS
- Subdivisión general: PERSONALIDAD JURIDICA
- Subdivisión general: HISTORIA
- Subdivisión general: BIBLIOGRAFÍA
670 ## - FUENTE DE DATOS ENCONTRADOS
- Cita de la fuente: Work cat.: (OSt)13519: Suárez, Santiago Gerardo 1930- 31536, Las reales audiencias indianas :, 1989.
